AH International Schools' Libraries

Normal view MARC view
  • Kikuyu (African people). Kenya History - 1895-1963.

Entry Topical Term

Number of records used in: 1

001 - CONTROL NUMBER

  • control field: 86799

003 - CONTROL NUMBER IDENTIFIER

  • control field: OSt

005 - DATE AND TIME OF LATEST TRANSACTION

  • control field: 20251028095514.0

008 - FIXED-LENGTH DATA ELEMENTS

  • fixed length control field: 251028|| aca||aabn | a|a d

040 ## - CATALOGING SOURCE

  • Original cataloging agency: OSt
  • Transcribing agency: OSt

150 ## - HEADING--TOPICAL TERM

  • Topical term or geographic name as entry element: Kikuyu (African people). Kenya History - 1895-1963.
  • Form subdivision: Fiction.
  • Geographic subdivision: Kenya

670 ## - SOURCE DATA FOUND

  • Source citation: Work cat.: (OSt)49680: Thiong'o, Ngugi Wa 86798, The river between / , 2015.

For any Logos Library related questions please contact Miss Art at swongnarasuk@asianhope.org.

For any Asian Hope Library related questions please contact Miss Raza at graza@asianhope.org.

Powered by Koha